PO Postcodes Quiz Stats

 Plays Quiz not verified by Sporcle

Challenge
Share
Tweet
Embed
Score 0/36 Timer 11:00
0 Plays Today
postcode Answer % Correct
PO1Portsmouth
80%
PO2Portsmouth
80%
PO3Portsmouth
80%
PO4Southsea
80%
PO5Southsea
80%
PO6Portsmouth
80%
PO7Waterlooville
80%
PO8Waterlooville
80%
PO14Fareham
80%
PO15Fareham
80%
PO16Fareham
80%
PO18Chichester
80%
PO19Chichester
80%
PO20Chichester
80%
PO9Havant
60%
PO12Gosport
60%
PO13Lee On The Solent
60%
PO17Fareham
60%
postcode Answer % Correct
PO21Bognor Regis
60%
PO22Bognor Regis
60%
PO13Gosport
60%
PO9Rowland's Castle
40%
PO10Emsworth
40%
PO11Hayling Island
40%
PO30Newport
40%
PO31Cowes
40%
PO32East Cowes
40%
PO41Yarmouth
40%
PO33Ryde
20%
PO35Bembridge
20%
PO36Sandown
20%
PO37Shanklin
20%
PO38Ventnor
20%
PO34Seaview
0%
PO39Totland Bay
0%
PO40Freshwater
0%

You're not logged in!

Compare scores with friends on all Sporcle quizzes.
OR
Log In

You Might Also Like...

Show Comments

Extras

Created Jan 24, 2016ReportNominate
Tags:order, postcode, postpone

Top Quizzes Today


Score Distribution

Your Account Isn't Verified!

In order to create a playlist on Sporcle, you need to verify the email address you used during registration. Go to your Sporcle Settings to finish the process.

Report this User

Report this user for behavior that violates our Community Guidelines.

Details: